Automotive Tribology

This book presents a comprehensive study of all important aspects of tribology. It covers issues and their remedies adopted by researchers working on automobile systems. The book is broadly divided in to three sections, viz. (i) new materials for automotive applications, (ii) new lubricants for auto...

Πλήρης περιγραφή

Λεπτομέρειες βιβλιογραφικής εγγραφής
Συγγραφή απο Οργανισμό/Αρχή: SpringerLink (Online service)
Άλλοι συγγραφείς: Katiyar, Jitendra Kumar (Επιμελητής έκδοσης, http://id.loc.gov/vocabulary/relators/edt), Bhattacharya, Shantanu (Επιμελητής έκδοσης, http://id.loc.gov/vocabulary/relators/edt), Patel, Vinay Kumar (Επιμελητής έκδοσης, http://id.loc.gov/vocabulary/relators/edt), Kumar, Vikram (Επιμελητής έκδοσης, http://id.loc.gov/vocabulary/relators/edt)
Μορφή: Ηλεκτρονική πηγή Ηλ. βιβλίο
Γλώσσα:English
Έκδοση: Singapore : Springer Singapore : Imprint: Springer, 2019.
Έκδοση:1st ed. 2019.
Σειρά:Energy, Environment, and Sustainability,
Θέματα:
Διαθέσιμο Online:Full Text via HEAL-Link
LEADER 05302nam a2200601 4500
001 978-981-15-0434-1
003 DE-He213
005 20191026002458.0
007 cr nn 008mamaa
008 191008s2019 si | s |||| 0|eng d
020 |a 9789811504341  |9 978-981-15-0434-1 
024 7 |a 10.1007/978-981-15-0434-1  |2 doi 
040 |d GrThAP 
050 4 |a TJ1075-1081 
050 4 |a TA467 
072 7 |a TGBF  |2 bicssc 
072 7 |a TEC021000  |2 bisacsh 
072 7 |a TGBF  |2 thema 
082 0 4 |a 621.89  |2 23 
082 0 4 |a 620.11223  |2 23 
245 1 0 |a Automotive Tribology  |h [electronic resource] /  |c edited by Jitendra Kumar Katiyar, Shantanu Bhattacharya, Vinay Kumar Patel, Vikram Kumar. 
250 |a 1st ed. 2019. 
264 1 |a Singapore :  |b Springer Singapore :  |b Imprint: Springer,  |c 2019. 
300 |a XIII, 343 p. 130 illus., 74 illus. in color.  |b online resource. 
336 |a text  |b txt  |2 rdacontent 
337 |a computer  |b c  |2 rdamedia 
338 |a online resource  |b cr  |2 rdacarrier 
347 |a text file  |b PDF  |2 rda 
490 1 |a Energy, Environment, and Sustainability,  |x 2522-8366 
505 0 |a Introduction -- Tribology of Automotive Engine -- Materials Aspects in Engine -- Tribo-Performance of Polymer Composite in Automotive Application: a Review -- Surface Coatings for Automobile Applications -- Prospects of Cavitation in the Field of Internal Combustion Engines -- Tribological performance of surface textured automotive components: A review -- Influence of Surface Texturing in Controlling Friction and Wear -- Influence of fillers on thermo-mechanical and tribological behavior of GFRP composites -- Mechanical and Erosion characteristics of natural fiber reinforced polymer composite: Effect of Filler size -- Erosion Wear Behaviour and Dynamic Mechanical Analysis of Hybrid Reinforced Polymer Composite for Automotive Application -- Effect of Reinforcements on the Tribological behavior of Aluminum Matrix Surface composites -- The Future of Metal Foam Materials in the Automotive Industry -- The Potential of Natural fibers/ fillers for Automotive Sector -- Lubrication Aspects in Automobile -- Sustainable Lubrication in Automobiles -- Grease Lubrication -- Lubrication Effectiveness and Sustainability of solid/liquid Additives in Automotive Tribology -- The Potential of Bio-lubricantsin Automotive Tribology -- Asbestos free braking pads by using organic fiber based reinforced composites for automotive industries -- Analysis of Partial Texture Journal Bearing Lubricated with Couple Stress Fluids -- Shot peening effects on abrasive wear behavior of medium carbon steel. 
520 |a This book presents a comprehensive study of all important aspects of tribology. It covers issues and their remedies adopted by researchers working on automobile systems. The book is broadly divided in to three sections, viz. (i) new materials for automotive applications, (ii) new lubricants for automotive applications, and (iii) impact of surface morphologies for automotive applications. The rationale for this division is to provide a comprehensive and categorical review of the developments in automotive tribology. The book covers tribological aspects of engines, and also discusses influence of new materials, such as natural fibers, metal foam materials, natural fiber reinforced polymer composites, carbon fiber/silicon nitride polymer composites and aluminium matrix composites. The book also looks at grease lubrication, effectiveness and sustainability of solid/liquid additives in lubrication, and usage of biolubricants. In the last section the book focuses on brake pad materials, shot peening method, surface texturing, magnetic rheological fluid for smart automobile brake and clutch systems, and application of tribology in automobile systems. This book will be of interest to students, researchers, and professionals from the automotive industry. 
650 0 |a Tribology. 
650 0 |a Corrosion and anti-corrosives. 
650 0 |a Coatings. 
650 0 |a Automotive engineering. 
650 0 |a Engines. 
650 0 |a Machinery. 
650 1 4 |a Tribology, Corrosion and Coatings.  |0 http://scigraph.springernature.com/things/product-market-codes/Z15000 
650 2 4 |a Automotive Engineering.  |0 http://scigraph.springernature.com/things/product-market-codes/T17047 
650 2 4 |a Engine Technology.  |0 http://scigraph.springernature.com/things/product-market-codes/T17048 
700 1 |a Katiyar, Jitendra Kumar.  |e editor.  |4 edt  |4 http://id.loc.gov/vocabulary/relators/edt 
700 1 |a Bhattacharya, Shantanu.  |e editor.  |0 (orcid)0000-0002-7902-2119  |1 https://orcid.org/0000-0002-7902-2119  |4 edt  |4 http://id.loc.gov/vocabulary/relators/edt 
700 1 |a Patel, Vinay Kumar.  |e editor.  |4 edt  |4 http://id.loc.gov/vocabulary/relators/edt 
700 1 |a Kumar, Vikram.  |e editor.  |4 edt  |4 http://id.loc.gov/vocabulary/relators/edt 
710 2 |a SpringerLink (Online service) 
773 0 |t Springer eBooks 
776 0 8 |i Printed edition:  |z 9789811504334 
776 0 8 |i Printed edition:  |z 9789811504358 
776 0 8 |i Printed edition:  |z 9789811504365 
830 0 |a Energy, Environment, and Sustainability,  |x 2522-8366 
856 4 0 |u https://doi.org/10.1007/978-981-15-0434-1  |z Full Text via HEAL-Link 
912 |a ZDB-2-CMS 
950 |a Chemistry and Materials Science (Springer-11644)